Ciencias sociales 8 /

Guardado en:
Autor Principal: Blanco, Jorge
Otros Autores: Fernández Caso, María Victoria, Gurevich, Raquel, Vázquez, Enrique, Alonso, María Ernestina, Soletic, María Angeles
Formato: Libro
Publicado: Buenos Aires : Aique , 2006
Series:Conciencia Social
Materias:
Etiquetas: Agregar Etiqueta
Sin Etiquetas, Sea el primero en etiquetar este registro!
LEADER 02411nam a22004335a 4500
001 CEM.cems012397
008 130507s2006##################000#0#####d
005 20211213174353.0
003 CEMS
245 1 0 |a Ciencias sociales 8 /  |c Jorge Blanco ... [et Al.] 
260 |a Buenos Aires :  |b Aique ,  |c 2006 
300 |a 288 p. 
490 0 |a Conciencia Social 
500 |a Para 8°año Egb 3 - 2° Esb/cbu 
505 0 |a América contemporánea: sociedades entre problemas y utopías -- Los territorios en la América contemporánea -- La formación de la europa moderna -- Los pueblos originarios de América -- La conquista y la colonización europea de América -- La oeganización de la sociedad capitalista -- La crisis del orden colonial y la construcción de los estados americanos -- Ambientes y recursos en América -- Dinámica demográfica, empleo y calidad de vida en América -- Los espacios rurales americanos -- Los espacios urbanos en América -- Integración, comercio internacional y transporte en América -- Anexo cartográfico 
020 |a 9870600689 
100 1 |a Blanco, Jorge 
700 1 |a Fernández Caso, María Victoria 
700 1 |a Gurevich, Raquel 
700 1 |a Vázquez, Enrique 
700 1 |a Alonso, María Ernestina 
700 1 |a Soletic, María Angeles 
082 0 4 |a Z302 
653 |a Ciencias sociales 
653 |a Geografía 
653 |a Geografía de américa 
653 |a Historia de américa 
859 |a CEMS  |b BIB. CEMS - Agricultura  |h 302  |i B598  |p A0836.08  |t Ej.1  |v 8  |3 8 
859 |a CEMS  |b BIB. CEMS - Agricultura  |h 302  |i B598  |p A3418.21  |t Ej.2  |3 8 
859 |a CEMS  |b BIB. CEMS - 11 de abril  |h 302  |i B593  |p 23699.07  |t Ej.1  |v 8º  |3 8º 
859 |a CEMS  |b BIB. CEMS - 11 de abril  |h 302  |i B593  |p 23917.07  |t Ej.2  |v 8º  |3 8º 
859 |a CEMS  |b BIB. CEMS - 11 de abril  |h 302  |i B593  |p 25330.08  |t Ej.3  |v 8º  |3 8º 
859 |a CEMS  |b BIB. CEMS - 11 de abril  |h 302  |i B593  |p 25329.08  |t Ej.4  |v 8º  |3 8º 
859 |a CEMS  |b BIB. CEMS - 11 de abril  |h 302  |i B593  |p 25328.08  |t Ej.5  |v 8º  |3 8º 
859 |a CEMS  |b BIB. CEMS - 11 de abril  |h 302  |i B593  |p 25326.08  |t Ej.6  |v 8º  |3 8º 
859 |a CEMS  |b BIB. CEMS - 11 de abril  |h 302  |i B593  |p 25327.08  |t Ej.7  |v 8º  |3 8º 
859 |a CEMS  |b BIB. CEMS - 11 de abril  |h 302  |i B593  |p 26130.11  |t Ej.8  |v 8º  |3 8º 
859 |a CEMS  |b BIB. CEMS - 11 de abril  |h 302  |i B593  |p 26236.11  |t Ej.9  |v 8º  |3 8º 
859 |a CEMS  |b BIB. CEMS - 11 de abril  |h 302  |i B593  |p 28058.19  |t Ej.10  |v 8º  |3 8º